Občiansky zákonník komentár

Salvato in:
Dettagli Bibliografici
Autore principale: Svoboda, Jaromír
Natura: Libro
Lingua:slovacco
Pubblicazione: Bratislava EUROUNION 1998
Edizione:3. dopln., rozšír. a aktualiz. vyd.
Soggetti:
Tags: Aggiungi Tag
Nessun Tag, puoi essere il primo ad aggiungerne!!

MARC

LEADER 00000nam a2200000 4500
001 c102524
005 20221109094050.3
020 |a 80-85568-85-3 
041 0 |a slo 
044 |a SK 
245 1 0 |a Občiansky zákonník  |b komentár  |c Jaromír Svoboda a kolektív 
250 |a 3. dopln., rozšír. a aktualiz. vyd. 
264 1 |a Bratislava  |b EUROUNION  |c 1998 
300 |a 744 s. 
610 2 0 |a zákonník občiansky 
610 2 0 |a právo občianske 
610 2 0 |a Slovensko 
610 2 0 |a 1998 
100 1 |a Svoboda, Jaromír